| 000 | 01466nam a2200313Ia 4500 | ||
|---|---|---|---|
| 999 |
_c49340 _d49340 |
||
| 001 | 16257 | ||
| 003 | GE_BSU | ||
| 005 | 20241024145001.0 | ||
| 008 | 181216s2014||||ge |||||||||||||| ||geo|| | ||
| 020 | _a9789941935091 | ||
| 040 | _cGE_BSU | ||
| 041 | _ageo | ||
| 080 | _a371.3+371.315.7 ი-67 | ||
| 100 |
_aბოჭორიშვილი, მანანა _97165 |
||
| 245 |
_aინტერაქტიური მეთოდები : _b[ინტერაქტიური სწავლება] / _cწიგნზე მუშაობდნენ: მანანა ბოჭორიშვილი [და სხვ.]; რედ. ლია ახალაძე. |
||
| 245 | _cრედ:ლია ახალაძე | ||
| 260 | _bგამ-ბა უსტარი | ||
| 260 | _c2014. | ||
| 264 |
_aთბილისი : _bუსტარის" გამ-ბა და სტ., _c2014. |
||
| 300 |
_a110 გვ.; _b24 სმ. |
||
| 300 | _bბიბლიოგრ.გვ:110 | ||
| 490 | _aმასწავლებლის ბიბლიოთეკა ასოციაცია "ზეკარი" | ||
| 504 | _aბიბლიოგრ.: გვ. 110. | ||
| 541 | _h8ლ. | ||
| 653 | _aინტერაქტიური მეთოდები | ||
| 653 | _aპედაგოგიკა | ||
| 700 |
_aბოჭორიშვილი, მანანა _eავტორი _97165 |
||
| 942 |
_cBK _2udc |
||